[Event "Oberliga Nord O 1920"]
[Site "Germany"]
[Date "2019.10.20"]
[Round "2.7"]
[White "Olivares, Eduardo"]
[Black "Lange, Jannis"]
[Result "1-0"]
[WhiteElo "2050"]
[BlackElo "2080"]
[PlyCount "85"]
[EventDate "2019.09.29"]
[EventType "team-tourn"]
[EventRounds "9"]
[EventCountry "GER"]
[SourceTitle "CBM 195 Extra"]
[Source "ChessBase"]
[SourceDate "2020.05.31"]
[SourceVersion "1"]
[SourceVersionDate "2020.05.31"]
[SourceQuality "1"]

1. e4 c5 2. Nc3 Nc6 3. f4 e6 4. Nf3 d5 5. Bb5 Nge7 6. exd5 exd5 7. Qe2 Bg4 8. Bxc6+ bxc6 9. b3 g6 10. Ba3 Qa5 11. Na4 0-0-0 12. Qf2 Bxf3 13. Qxf3 Nf5 14. 0-0-0 c4 15. Bb2 Bg7 16. Bxg7 Nxg7 17. Rhe1 Ne6 18. g4 Nc5 19. Nxc5 Qxc5 20. Qc3 h5 21. g5 Rhe8 22. Qf6 d4 23. Rxe8 Rxe8 24. Qxf7 Re2 25. Kb1 Qd5 26. Qxg6 d3 27. Qf6 dxc2+ 28. Kxc2 Rxh2 29. g6 Qd3+ 30. Kc1 cxb3 31. Qxc6+ Kd8 32. Qa8+ Kc7 33. Qxa7+ Kc6 34. Qa4+ Kc5 35. Qxb3 Qxg6 36. Qc2+ Qxc2+ 37. Kxc2 Rf2 38. Rh1 Rxf4 39. Rxh5+ Kb4 40. Rh3 Rg4 41. Rb3+ Kc5 42. Kc3 Rf4 43. Kb2 1-0

[Event "Berlin Lieb Memorial 2nd"]
[Site "Berlin"]
[Date "2016.06.23"]
[Round "6"]
[White "Olivares, Eduardo"]
[Black "Piskaykin, Bogdan"]
[Result "1-0"]
[WhiteElo "2061"]
[BlackElo "1869"]
[PlyCount "45"]
[EventDate "2016.05.19"]
[EventType "swiss"]
[EventRounds "7"]
[EventCountry "GER"]
[SourceTitle "EXT 2022"]
[Source "ChessBase"]
[SourceDate "2021.10.06"]
[SourceVersion "1"]
[SourceVersionDate "2021.10.06"]
[SourceQuality "1"]

1. e4 c5 2. Nc3 Nc6 3. f4 g6 4. Nf3 Bg7 5. Bb5 Nd4 6. 0-0 Nxb5 7. Nxb5 d6 8. d3 a6 9. Nc3 b5 10. Qe1 Bb7 11. f5 Nf6 12. Kh1 b4 13. Nd1 gxf5 14. exf5 Qd7 15. Qg3 Rg8 16. Qh3 0-0-0 17. Ne3 Rh8 18. a3 bxa3 19. Nc4 Qc7 20. Rxa3 Nd7 21. Bd2 Rdg8 22. Ba5 Qc6 23. f6 1-0

[Event "Zehlendorf op 14th"]
[Site "Berlin"]
[Date "2014.06.26"]
[Round "7"]
[White "Olivares, Eduardo"]
[Black "Prix, Siegfried"]
[Result "1-0"]
[WhiteElo "2021"]
[BlackElo "1801"]
[PlyCount "61"]
[EventDate "2014.05.08"]
[EventType "swiss"]
[EventRounds "7"]
[EventCountry "GER"]
[SourceTitle "EXT 2023"]
[Source "ChessBase"]
[SourceDate "2022.10.05"]
[SourceVersion "1"]
[SourceVersionDate "2022.10.05"]
[SourceQuality "1"]

1. e4 e5 2. Nf3 Nc6 3. d4 exd4 4. Bc4 Nf6 5. e5 d5 6. Bb5 Ne4 7. Nxd4 Bd7 8. Bxc6 bxc6 9. 0-0 Be7 10. f3 Nc5 11. f4 0-0 12. f5 Ne4 13. Nb3 Re8 14. N1d2 Nxd2 15. Bxd2 Bf8 16. Bc3 Qg5 17. Qf3 Rad8 18. Rae1 Bc8 19. Bd4 Ba6 20. Rf2 Bd6 21. g3 Bc4 22. Be3 Qe7 23. exd6 cxd6 24. Nd4 Qb7 25. f6 Qxb2 26. fxg7 Rd7 27. Qg4 Rde7 28. Nf5 Re6 29. Kg2 Qc3 30. Bd2 Qxc2 31. Nh6+ 1-0

[Event "Zehlendorf op"]
[Site "Berlin"]
[Date "2012.06.21"]
[Round "6.4"]
[White "Olivares, Eduardo"]
[Black "Boettcher, Patrick"]
[Result "1-0"]
[WhiteElo "1788"]
[BlackElo "2166"]
[PlyCount "93"]
[EventDate "2012.05.10"]
[EventType "swiss"]
[EventRounds "7"]
[EventCountry "GER"]
[SourceTitle "EXT 2022"]
[Source "ChessBase"]
[SourceDate "2021.10.06"]
[SourceVersion "1"]
[SourceVersionDate "2021.10.06"]
[SourceQuality "1"]

1. e4 c5 2. Nc3 Nc6 3. f4 g6 4. Nf3 Bg7 5. Bb5 Nd4 6. 0-0 Nxb5 7. Nxb5 d6 8. d3 Nf6 9. Nc3 0-0 10. Qe1 Nd7 11. f5 Ne5 12. Qh4 e6 13. Bg5 f6 14. Bc1 exf5 15. exf5 Nxf3+ 16. Rxf3 Bxf5 17. Qc4+ Kh8 18. Bf4 Qe7 19. Qd5 Rad8 20. Re3 Qf7 21. Qxf7 Rxf7 22. Nb5 d5 23. Nd6 Rfd7 24. Nxf5 gxf5 25. Rae1 Kg8 26. Rf3 d4 27. Bd2 Rd5 28. Re7 R8d7 29. Rxd7 Rxd7 30. Rxf5 Rc7 31. Rd5 Kf7 32. Bf4 Rc6 33. Rd7+ Kg6 34. Rxb7 a6 35. Rc7 Rb6 36. b3 Bf8 37. Kf2 h5 38. Kf3 Re6 39. Kf2 f5 40. a4 Kf6 41. Rc8 Kg7 42. Bb8 Be7 43. Ba7 Re5 44. b4 Bh4+ 45. g3 Bg5 46. Bxc5 Be3+ 47. Kf1 1-0